🌏 Capitales d'Asie - Ordre alphabétique - Statistiques

Statistiques générales
  • Ce quiz a été pris 96 fois
  • Le résultat moyen est 39 sur 48
Statistiques - réponses
Pays Capitale % Correct
🇹🇷 Turquie Ankara
96%
🇨🇳 Chine Pékin
96%
🇮🇳 Inde New Delhi
94%
🇰🇷 Corée du Sud Séoul
94%
🇯🇵 Japon Tokyo
94%
🇱🇧 Liban Beyrouth
93%
🇨🇾 Chypre Nicosie
93%
🇦🇪 Émirats arabes unis Abou Dabi
91%
🇮🇶 Irak Bagdad
91%
🇮🇱 Israël Jérusalem
91%
🇦🇫 Afghanistan Kaboul
91%
🇰🇼 Koweït Koweït
91%
🇸🇬 Singapour Singapour
91%
🇹🇭 Thaïlande Bangkok
89%
🇵🇰 Pakistan Islamabad
89%
🇸🇦 Arabie saoudite Riyad
89%
🇳🇵 Népal Katmandou
87%
🇲🇾 Malaisie Kuala Lumpur
87%
🇵🇭 Philippines Manille
87%
🇲🇳 Mongolie Oulan-Bator
87%
🇦🇿 Azerbaïdjan Bakou
85%
🇸🇾 Syrie Damas
85%
🇶🇦 Qatar Doha
85%
🇮🇩 Indonésie Jakarta
85%
🇹🇼 Taïwan Taipei
85%
🇻🇳 Viêt Nam Hanoï
83%
🇲🇻 Maldives Malé
83%
🇰🇵 Corée du Nord Pyongyang
83%
🇬🇪 Géorgie Tbilissi
83%
🇮🇷 Iran Téhéran
83%
🇯🇴 Jordanie Amman
80%
🇧🇩 Bangladesh Dacca
80%
🇦🇲 Arménie Erevan
80%
🇰🇭 Cambodge Phnom Penh
80%
🇾🇪 Yémen Sanaa
78%
🇹🇲 Turkménistan Achgabat
74%
🇹🇯 Tadjikistan Douchanbé
74%
🇰🇬 Kirghizistan Bichkek
72%
🇰🇿 Kazakhstan Noursoultan
72%
🇱🇦 Laos Vientiane
72%
🇹🇱 Timor oriental Dili
70%
🇴🇲 Oman Mascate
69%
🇺🇿 Ouzbékistan Tachkent
69%
🇧🇳 Brunei Bandar Seri Begawan
67%
🇧🇭 Bahreïn Manama
65%
🇱🇰 Sri Lanka Sri Jayawardenepura Kotte
65%
🇲🇲 Birmanie Naypyidaw
61%
🇧🇹 Bhoutan Thimphou
59%
Aucun quiz correspondant
Distribution des résultats
% des personnes avec chaque résultat
Percentile par nombre de réponses
Votre historique - résultats
Vous n’avez pas pris ce quiz